000 02475nam a2200253Ia 4500
003 Ost
005 20260507075319.0
008 260507s9999||||xx |||||||||||||| ||und||
020 _a978995711884
040 _cfsecg
041 _aara
082 _a658.5
100 _aبن ساسي، إلياس
_eمؤلف
245 0 _aالخيارات الاستراتيجية لنمو المؤسسة :
_bالأسس النظرية لعملية المفاضلة بين البدائل الاستراتيجية للنمو /
_c إلياس بن ساسي
260 _aعمان:
_bدار وائل للنشر والتوزيع,
_c2011
300 _a308 صفحة؛
_bإيضاحات ؛
_c25 سم
504 _aببليوغرافيا: ص.299-308
520 _aماهية نمو المؤسسات : مفهوم نمو المؤسسات : مؤشرات وحالات النمو : أهداف وفرص النمو-استراتيجيات نمو المؤسسات : استراتيجية النمو بين الهيمنة والتمييز : استراتيجية النمو بين التخصص والتنويع-المؤسسة بين خياري النمو الداخلي والنمو الخارجي : خيارات النمو وإشكالية المفافيم : المؤسس أمام خيار النمو التعاقدي-مضمون عمليات النمو الداخلي والنمو الخارجي : قرارات الاستثمار والنمو الداخلي : أشكال الحيازة في النمو الخارجي : أدوات تقييم الاستثمار واختيار بديل النمو المناسب-العوامل الاقتصادية المتحكمة في عملية المفاضلة بين النمو الداخلي والنمو الخارجي : الوصول إلى الحجم الحرج : البحث عن أثر التأزر-العوامل المالية المتحكمة في عملية المفاضلة بين النمو الداخلي والنمو الخارجي : مصادر تمويل النمو : المفاضلة بين خياري النمو بين أولويات السياسة المالية-العوامل القطاعية المتحكمة في عملية المفاضلة بين النمو الداخلي والنمو الخارجي : درجة نضج القطاع : حواجز الدخو
653 _aإدارة الإنتاج
653 _aالإدارة الاستراتيجية
653 _aالتنمية الإقتصادية
653 _aالنمو
942 _cكتاب
999 _c43910
_d43910